[Event "ECF National club Under 1700"]
[Site "Kingston-upon-Hull, ENG"]
[Date "2023.10.22"]
[Round "4.31"]
[White "O'Gorman, Brendan"]
[Black "Al Haidar, Hussam"]
[Result "0-1"]
[WhiteElo "1779"]
[BlackElo "1525"]
[PlyCount "120"]
[EventDate "2023.10.22"]
[WhiteTeam "DHSS"]
[BlackTeam "Hull Chess Club 4"]

1. c4 c5 2. Nf3 g6 3. d4 cxd4 4. Nxd4 Bg7 5. e4 d6 6. Nc3 Nf6 7. Be2 O-O 8. O-O
Nc6 9. Be3 a6 10. f3 Bd7 11. Nc2 Qc7 12. Rc1 Rac8 13. Qd2 Ne5 14. b3 Qa5 15.
Nd5 Qd8 16. Rfd1 Nc6 17. Nxf6+ Bxf6 18. c5 Nb8 19. cxd6 Bb2 20. dxe7 Qxe7 21.
Rb1 Bc3 22. Qd6 Qxd6 23. Rxd6 Be5 24. Rd2 Bc3 25. Rdd1 Rfe8 26. Bd4 Ba5 27. Ne3
Rc6 28. Nc4 Bc7 29. Rbc1 Rc8 30. Be3 b5 31. Nb2 Bb6 32. Bxb6 Rxc1 33. Kf2 R8c2
34. Rxc1 Rxc1 35. Nd3 Ra1 36. Nb4 a5 37. Bd4 Rh1 38. Nd5 b4 39. Nf6+ Kf8 40.
Nxh7+ Ke8 41. Nf6+ Ke7 42. e5 Rc1 43. Bc4 Rc2+ 44. Kg3 Rxa2 45. Bc5+ Kd8 46.
Bxf7 Bf5 47. e6 Nc6 48. Nd5 Re2 49. e7+ Nxe7 50. Bxe7+ Rxe7 51. Nxe7 Kxe7 52.
Bc4 Kd6 53. Bb5 Kc5 54. Ba4 Kd4 55. Kf4 Kc3 56. h4 Bc2 57. Kg5 Bxb3 58. Be8 Bc2
59. Bxg6 Bxg6 60. Kxg6 b3 0-1

[Event "ECF National club Under 1700"]
[Site "Kingston-upon-Hull, ENG"]
[Date "2023.10.22"]
[Round "4.32"]
[White "Sharp, Stuart"]
[Black "Ashley, Mark S"]
[Result "0-1"]
[WhiteElo "1402"]
[BlackElo "1651"]
[PlyCount "32"]
[EventDate "2023.10.22"]
[WhiteTeam "Hull Chess Club 4"]
[BlackTeam "DHSS"]

1. Nf3 e6 2. g3 f5 3. d4 Nf6 4. Bg2 Be7 5. c4 d6 6. O-O O-O 7. Nc3 Ne4 8. Qc2
Nxc3 9. bxc3 Nc6 10. e4 e5 11. dxe5 dxe5 12. exf5 Bxf5 13. Qe2 Bd3 14. Rd1 Bxe2
15. Rxd8 Raxd8 16. Bg5 Bxf3 0-1

[Event "ECF National club Under 1700"]
[Site "Kingston-upon-Hull, ENG"]
[Date "2023.10.22"]
[Round "4.33"]
[White "Pride, Stephen C"]
[Black "Pitel, Dominik"]
[Result "1-0"]
[WhiteElo "1603"]
[BlackElo "1349"]
[PlyCount "83"]
[EventDate "2023.10.22"]
[WhiteTeam "DHSS"]
[BlackTeam "Hull Chess Club 4"]

1. d4 d5 2. Bf4 Nf6 3. Nc3 c6 4. e3 Bf5 5. f3 e6 6. g4 Bg6 7. h4 h6 8. Nh3 Bd6
9. Be2 Qc7 10. Qd2 Qd7 11. a4 Qd8 12. O-O-O Na6 13. Bxa6 bxa6 14. Qe2 Bxf4 15.
Nxf4 Qb6 16. Nxg6 fxg6 17. Qd3 O-O-O 18. Qxg6 Rhg8 19. Kd2 Qxb2 20. Rb1 Qa3 21.
Rb3 Qd6 22. Qd3 a5 23. Qa6+ Kd7 24. Qxa7+ Ke8 25. Rb7 Nd7 26. f4 g5 27. hxg5
hxg5 28. fxg5 Qg3 29. Rh7 Qd6 30. Ne2 Rf8 31. g6 Rg8 32. g7 Qe7 33. Nf4 Qg5 34.
Nxe6 Qg6 35. Nxd8 Qxh7 36. Rxd7 Qh4 37. Kd3 Qg5 38. Qc7 Qg6+ 39. Kd2 Qg5 40.
Nxc6 Qf6 41. Qc8+ Qd8 42. Qxd8# 1-0

[Event "ECF National club Under 1700"]
[Site "Kingston-upon-Hull, ENG"]
[Date "2023.10.22"]
[Round "4.34"]
[White "Staples, Edward"]
[Black "Gilbert, David J"]
[Result "1-0"]
[WhiteElo "1300"]
[BlackElo "1556"]
[PlyCount "83"]
[EventDate "2023.10.22"]
[WhiteTeam "Hull Chess Club 4"]
[BlackTeam "DHSS"]

1. e4 d5 2. exd5 Qxd5 3. Nc3 Qd6 4. d4 Nf6 5. Nf3 c6 6. Bd3 Bg4 7. h3 Bh5 8.
Be3 e6 9. g4 Bg6 10. Qd2 Qc7 11. a3 Nbd7 12. Rg1 O-O-O 13. O-O-O Nb6 14. Qe2
Nbd5 15. Bg5 Nxc3 16. bxc3 Bxa3+ 17. Kd2 Bb2 18. Bxf6 Qf4+ 19. Qe3 Qxf6 20. g5
Qe7 21. Rb1 Qa3 22. Bxg6 hxg6 23. Ne5 Qxc3+ 24. Qxc3 Bxc3+ 25. Kxc3 Rxh3+ 26.
f3 f6 27. gxf6 gxf6 28. Nd3 g5 29. f4 g4 30. Rxg4 f5 31. Rg7 b5 32. Rxa7 Rdh8
33. Ra6 Kc7 34. Kb4 Rd8 35. Kc3 Rdh8 36. Rba1 Rd8 37. Ra7+ Kd6 38. Kb4 Kd5 39.
Nc5 Rd6 40. c3 Rf3 41. Re1 Rxf4 42. Re5# 1-0

[Event "ECF National club Under 1700"]
[Site "Kingston-upon-Hull, ENG"]
[Date "2023.10.22"]
[Round "4.41"]
[White "Ashton, Alannah"]
[Black "Murrell, Mark R A"]
[Result "1/2-1/2"]
[WhiteElo "1891"]
[BlackElo "1809"]
[PlyCount "75"]
[EventDate "2023.10.22"]
[WhiteTeam "She Plays To Win A"]
[BlackTeam "Wanstead and Woodford"]

1. e4 c5 2. Nf3 e6 3. d4 cxd4 4. Nxd4 Nf6 5. Nc3 Nc6 6. a3 Be7 7. Be3 a6 8. f4
d5 9. e5 Nd7 10. Qg4 Nxd4 11. Bxd4 g6 12. h4 h5 13. Qg3 b5 14. Be2 b4 15. f5
exf5 16. Nxd5 Bc5 17. Bxc5 Nxc5 18. Nf6+ Kf8 19. axb4 Ne4 20. Nxe4 fxe4 21. Rf1
Bf5 22. e6 Qb6 23. Qc3 Ke7 24. exf7 Rhf8 25. Bc4 Qf6 26. Qxf6+ Kxf6 27. Rxa6+
Rxa6 28. Bxa6 Rxf7 29. Bc8 Ke5 30. Bxf5 gxf5 31. g3 Rb7 32. c3 Rd7 33. Ke2 Rd3
34. Rg1 Rf3 35. Rg2 Rd3 36. Rg1 Rf3 37. Rg2 Rd3 38. Rg1 1/2-1/2

[Event "ECF National club Under 1700"]
[Site "Kingston-upon-Hull, ENG"]
[Date "2023.10.22"]
[Round "4.42"]
[White "Meadows, Pete"]
[Black "Wabuti, Rose"]
[Result "1-0"]
[WhiteElo "1734"]
[BlackElo "1699"]
[PlyCount "111"]
[EventDate "2023.10.22"]
[WhiteTeam "Wanstead and Woodford"]
[BlackTeam "She Plays To Win A"]

1. e4 e6 2. d4 d5 3. Bd3 c5 4. c3 cxd4 5. cxd4 dxe4 6. Bxe4 Nf6 7. Bf3 Bb4+ 8.
Nc3 O-O 9. Nge2 e5 10. O-O exd4 11. Qxd4 Nc6 12. Qd5 Qd7 13. Qxd7 Re8 14. Qd8
Rxd8 15. Bg5 Be7 16. Bf4 Bg4 17. Bxg4 Nxg4 18. h3 Nge5 19. Rab1 Rac8 20. a3 Nd3
21. Be3 Bc5 22. Bxc5 Nxc5 23. b4 Nd3 24. Rfd1 Nce5 25. Rb3 Nc4 26. Na4 Nde5 27.
Rxd8+ Rxd8 28. f4 Rd1+ 29. Kh2 Nd2 30. Rc3 Nec4 31. Nb2 Nf1+ 32. Kg1 Ng3+ 33.
Kh2 Nxe2 34. Rxc4 Rd8 35. Rc7 Rb8 36. Nd3 f6 37. g3 Nd4 38. a4 Ne6 39. Re7 Rd8
40. Rxe6 Rxd3 41. Re7 Ra3 42. a5 b6 43. Rxa7 bxa5 44. bxa5 Kf8 45. Kg2 h5 46.
f5 Ke8 47. g4 hxg4 48. hxg4 Kf8 49. a6 Kg8 50. Kf2 Kh7 51. Ke2 Kh6 52. Kd2 g6
53. fxg6 Kxg6 54. Ra8 Kf7 55. a7 Ke7 56. Rh8 1-0

[Event "ECF National club Under 1700"]
[Site "Kingston-upon-Hull, ENG"]
[Date "2023.10.22"]
[Round "4.43"]
[White "Ononaiye, Tosin"]
[Black "Li, Colin"]
[Result "1-0"]
[WhiteElo "1671"]
[BlackElo "1604"]
[PlyCount "89"]
[EventDate "2023.10.22"]
[WhiteTeam "She Plays To Win A"]
[BlackTeam "Wanstead and Woodford"]

1. d4 Nf6 2. Bf4 c5 3. dxc5 Qa5+ 4. Qd2 Qxc5 5. Nc3 Nc6 6. e3 e6 7. Nf3 Nh5 8.
Bg3 Nxg3 9. hxg3 Be7 10. a3 Ne5 11. Nxe5 Qxe5 12. O-O-O O-O 13. Bd3 f5 14. Qe2
g6 15. Rh6 Rf7 16. Rdh1 b6 17. f4 Qc5 18. R6h3 Bb7 19. g4 fxg4 20. Qxg4 Rg7 21.
Rxh7 Rxh7 22. Rxh7 Qxe3+ 23. Kb1 Be4 24. Bxe4 Qe1+ 25. Ka2 Qxe4 26. Nxe4 Kxh7
27. Ng5+ Kg7 28. Qf3 Rf8 29. Qb7 Rxf4 30. Qxd7 Kf6 31. Qxe6+ Kxg5 32. Qxe7+ Kg4
33. Qxa7 Kg3 34. Qxb6 g5 35. b4 Kxg2 36. b5 g4 37. Qc6+ Kf2 38. Qc5+ Kf1 39. b6
g3 40. b7 g2 41. b8=Q Rf2 42. Qe3 g1=Q 43. Qb1+ Kg2 44. Qxg1+ Kxg1 45. Qxf2+
1-0

[Event "ECF National club Under 1700"]
[Site "Kingston-upon-Hull, ENG"]
[Date "2023.10.22"]
[Round "4.44"]
[White "Raikundalia, Krishna"]
[Black "Ravi, Vash"]
[Result "0-1"]
[WhiteElo "1600"]
[BlackElo "1532"]
[PlyCount "78"]
[EventDate "2023.10.22"]
[WhiteTeam "Wanstead and Woodford"]
[BlackTeam "She Plays To Win A"]

1. d4 d5 2. Nf3 Nf6 3. g3 e6 4. Bg2 c5 5. c4 Nc6 6. O-O dxc4 7. dxc5 Bxc5 8.
Qa4 O-O 9. Qxc4 Qe7 10. Bg5 Bd7 11. Bxf6 gxf6 12. Nc3 Rac8 13. Qh4 f5 14. Qxe7
Bxe7 15. Rfd1 Rfd8 16. Rac1 Bf6 17. b3 Nb4 18. Na4 Rxc1 19. Rxc1 Nxa2 20. Rc2
Bxa4 21. bxa4 Nc3 22. e3 Rd1+ 23. Bf1 Nxa4 24. Ra2 b5 25. Kg2 a6 26. Rc2 b4 27.
Rc8+ Kg7 28. Rb8 a5 29. Be2 Ra1 30. Bc4 Nb2 31. Bb3 Bc3 32. Rb7 Kf6 33. Ng1 a4
34. Bc2 Rc1 35. Bxa4 Nxa4 36. Ne2 Rc2 37. Nxc3 bxc3 38. Rb4 Nb2 39. Rb3 Nd3 0-1

[Event "ECF National club Under 1700"]
[Site "Kingston-upon-Hull, ENG"]
[Date "2023.10.22"]
[Round "5.11"]
[White "Collinson, Mark I"]
[Black "O'Gorman, Brendan"]
[Result "1/2-1/2"]
[WhiteElo "1961"]
[BlackElo "1779"]
[PlyCount "47"]
[EventDate "2023.10.22"]
[WhiteTeam "Victoria Dock"]
[BlackTeam "DHSS"]

1. d4 d5 2. c4 c6 3. cxd5 cxd5 4. Nf3 Nf6 5. Nc3 Nc6 6. e3 Bf5 7. Be2 e6 8. O-O
Be7 9. Bd2 O-O 10. h3 h6 11. g4 Bh7 12. Nh2 e5 13. dxe5 Nxe5 14. Nb5 Ne4 15.
Bc3 Nc4 16. Nf3 Nxc3 17. Nxc3 Bf6 18. Qb3 Bxc3 19. bxc3 Qc7 20. Bxc4 dxc4 21.
Qb5 Bd3 22. Rfd1 a6 23. Qe5 Bh7 24. Rf1 1/2-1/2

[Event "ECF National club Under 1700"]
[Site "Kingston-upon-Hull, ENG"]
[Date "2023.10.22"]
[Round "5.12"]
[White "Ashley, Mark S"]
[Black "Atkinson, Richard"]
[Result "1/2-1/2"]
[WhiteElo "1651"]
[BlackElo "1556"]
[PlyCount "74"]
[EventDate "2023.10.22"]
[WhiteTeam "DHSS"]
[BlackTeam "Victoria Dock"]

1. d4 d5 2. Bf4 Nf6 3. Nf3 Bf5 4. e3 e6 5. Bd3 Bg6 6. Ne5 Bxd3 7. cxd3 c6 8.
Nc3 Nbd7 9. O-O Be7 10. h3 Qb6 11. Qe2 Nf8 12. a3 Ng6 13. Nxg6 fxg6 14. b4 a6
15. Rfb1 O-O 16. Na4 Qd8 17. Nc5 Qc8 18. Rc1 Nh5 19. Be5 Bh4 20. g3 Bd8 21. Qg4
Re8 22. Rab1 Nf6 23. Qd1 Bc7 24. a4 Nd7 25. Nxd7 Qxd7 26. Bxc7 Qxc7 27. b5 axb5
28. axb5 e5 29. bxc6 bxc6 30. dxe5 Rxe5 31. d4 Rf5 32. Rb2 Rff8 33. Kg2 Qd6 34.
Rc5 Qe6 35. Rbc2 Rac8 36. Qg4 Qe8 37. Qd1 Qe6 1/2-1/2

[Event "ECF National club Under 1700"]
[Site "Kingston-upon-Hull, ENG"]
[Date "2023.10.22"]
[Round "5.13"]
[White "Eggleton, Peter"]
[Black "Pride, Stephen C"]
[Result "0-1"]
[WhiteElo "1463"]
[BlackElo "1603"]
[PlyCount "66"]
[EventDate "2023.10.22"]
[WhiteTeam "Victoria Dock"]
[BlackTeam "DHSS"]

1. e4 Nf6 2. e5 Nd5 3. c4 Nb6 4. d4 d6 5. Nf3 Bf5 6. Nc3 e6 7. a4 a5 8. Bf4 Na6
9. exd6 Bxd6 10. Bxd6 cxd6 11. Bd3 Bg4 12. h3 Bh5 13. Be4 Qd7 14. b3 Nb4 15.
O-O Bg6 16. Re1 Bxe4 17. Nxe4 h6 18. Rc1 O-O 19. Nxd6 Qxd6 20. c5 Qd8 21. cxb6
Qxb6 22. Ne5 Qd6 23. Nf3 Rac8 24. Qd2 Rfd8 25. g4 Qd5 26. Kg2 Rxc1 27. Rxc1
Qxb3 28. Rc3 Qxa4 29. g5 h5 30. Rc7 Qb5 31. Ne5 Qd5+ 32. Nf3 Nc6 33. Qb2 Nxd4
0-1

[Event "ECF National club Under 1700"]
[Site "Kingston-upon-Hull, ENG"]
[Date "2023.10.22"]
[Round "5.14"]
[White "Gilbert, David J"]
[Black "Kemp, Ron V"]
[Result "1-0"]
[WhiteElo "1556"]
[BlackElo "1356"]
[PlyCount "85"]
[EventDate "2023.10.22"]
[WhiteTeam "DHSS"]
[BlackTeam "Victoria Dock"]

1. c4 d5 2. cxd5 Qxd5 3. Nc3 Qd8 4. g3 c6 5. Bg2 Nf6 6. d4 e6 7. Nf3 Bb4 8. a3
Bxc3+ 9. bxc3 Ne4 10. Qc2 Nd6 11. c4 Nf5 12. Bb2 O-O 13. O-O Nd7 14. e4 Ne7 15.
Qc3 f6 16. Rad1 Nb6 17. Qb3 Rb8 18. c5 Na8 19. Nd2 b6 20. Qc2 Qc7 21. Nc4 bxc5
22. dxc5 Ba6 23. Bc1 Bxc4 24. Qxc4 Qc8 25. Bh3 Nc7 26. Bf4 Kf7 27. Bxc7 Qxc7
28. Qxe6+ Kg6 29. Rd7 Qe5 30. Qxe5 fxe5 31. Rxe7 Ra8 32. Rxe5 Rfe8 33. Rxe8
Rxe8 34. Re1 Re5 35. f4 Rxc5 36. e5 Kf7 37. Rd1 Rd5 38. Rxd5 cxd5 39. Kf2 h6
40. Ke3 g6 41. Kd4 g5 42. Kxd5 gxf4 43. gxf4 1-0

[Event "ECF National club Under 1700"]
[Site "Kingston-upon-Hull, ENG"]
[Date "2023.10.22"]
[Round "5.21"]
[White "Hesler, Bryan"]
[Black "Ashton, Alannah"]
[Result "0-1"]
[WhiteElo "1704"]
[BlackElo "1891"]
[PlyCount "123"]
[EventDate "2023.10.22"]
[WhiteTeam "Hull Chess Club 3"]
[BlackTeam "She Plays To Win A"]

1. e4 c5 2. Nc3 Nc6 3. f4 g6 4. Nf3 Bg7 5. Bc4 e6 6. O-O Nge7 7. Qe1 O-O 8. d3
d5 9. Bb3 a6 10. Qh4 b5 11. a4 c4 12. axb5 cxb3 13. bxc6 Nxc6 14. Qxd8 Rxd8 15.
cxb3 Rb8 16. e5 Rxb3 17. Ra3 Rxa3 18. bxa3 Bf8 19. Na4 Bd7 20. Nc3 Bc5+ 21. Kh1
Rb8 22. a4 Rb3 23. Bd2 Bb4 24. Rc1 Ra3 25. g3 Kg7 26. g4 Na5 27. Nd4 Nb3 28.
Nxb3 Rxb3 29. f5 exf5 30. gxf5 Bxf5 31. e6 Bxe6 32. Be3 Bxc3 33. Rxc3 Rxc3 34.
Bd4+ Kh6 35. Bxc3 Bd7 36. a5 Bb5 37. d4 Kg5 38. Kg2 Kf4 39. Kh3 Ke3 40. Kg4 h5+
41. Kg5 Bd7 42. Kf6 Be6 43. Ke5 Kd3 44. Be1 Kc4 45. h4 Kb5 46. Kd6 Kc4 47. Ke5
Bg4 48. Bd2 Bf3 49. Be3 f5 50. Kf6 f4 51. Bxf4 Kxd4 52. Kxg6 Kc3 53. Kf5 Kd3
54. Be5 d4 55. Kf4 Be2 56. Kg3 Kc4 57. Kf2 d3 58. Ke3 Kb4 59. Bc7 Kc3 60. Be5+
Kc2 61. Bc7 Kc3 62. Bf4 0-1

[Event "ECF National club Under 1700"]
[Site "Kingston-upon-Hull, ENG"]
[Date "2023.10.22"]
[Round "5.22"]
[White "Wabuti, Rose"]
[Black "Dukalev, Oleg"]
[Result "1-0"]
[WhiteElo "1699"]
[BlackElo "1707"]
[PlyCount "136"]
[EventDate "2023.10.22"]
[WhiteTeam "She Plays To Win A"]
[BlackTeam "Hull Chess Club 3"]

1. Nf3 d5 2. d4 e6 3. c4 Bb4+ 4. Bd2 Be7 5. Nc3 Nf6 6. g3 O-O 7. Bg2 dxc4 8.
Qa4 a6 9. Qxc4 b5 10. Qb3 Bb7 11. e3 c5 12. dxc5 Nbd7 13. O-O Nxc5 14. Qd1 Qb6
15. Nd4 Bxg2 16. Kxg2 Nce4 17. Nxe4 Nxe4 18. Be1 Rfd8 19. Qe2 Bf6 20. Nb3 Qb7
21. f3 Nd6 22. Rc1 Nc4 23. Rc2 Bxb2 24. Na5 Nxa5 25. Bxa5 Be5 26. Bxd8 Rxd8 27.
Rd1 Rxd1 28. Qxd1 h6 29. Qd8+ Kh7 30. h4 Bf6 31. Qd3+ Kg8 32. Qe4 Qxe4 33. fxe4
Kf8 34. Rc6 a5 35. Rc5 b4 36. Rxa5 Bc3 37. Ra7 g6 38. g4 g5 39. h5 Kg7 40. Kf3
Kf6 41. Rb7 Kg7 42. e5 Kg8 43. Ke4 Kg7 44. Kd3 Be1 45. e4 Kf8 46. Kc4 Ke8 47.
Rb8+ Ke7 48. Rh8 Bc3 49. Ra8 Bd2 50. a3 bxa3 51. Rxa3 Kf8 52. Kc5 Bf4 53. Kd6
f6 54. Kxe6 fxe5 55. Ra8+ Kg7 56. Kf5 Kf7 57. Ra7+ Kg8 58. Kg6 Kf8 59. Kxh6 Be3
60. Ra8+ Kf7 61. Rb8 Bf4 62. Rb7+ Kf6 63. Kh7 Be3 64. h6 Bc5 65. Kg8 Kg6 66. h7
Be7 67. h8=Q Bf8 68. Rb6+ Bd6 1-0

[Event "ECF National club Under 1700"]
[Site "Kingston-upon-Hull, ENG"]
[Date "2023.10.22"]
[Round "5.23"]
[White "Allison, Paul A"]
[Black "Ononaiye, Tosin"]
[Result "1-0"]
[WhiteElo "1711"]
[BlackElo "1671"]
[PlyCount "109"]
[EventDate "2023.10.22"]
[WhiteTeam "Hull Chess Club 3"]
[BlackTeam "She Plays To Win A"]

1. e4 d6 2. d4 Nf6 3. Nc3 g6 4. Bg5 Bg7 5. Qd2 h6 6. Be3 Nc6 7. f3 Bd7 8. Nge2
e5 9. d5 Ne7 10. O-O-O b5 11. g4 b4 12. Nb1 a5 13. Ng3 Nh7 14. Bxh6 O-O 15. h4
Nc8 16. h5 g5 17. Bxg7 Kxg7 18. h6+ Kh8 19. Nh5 Rg8 20. Ng7 Ne7 21. Qh2 Ng6 22.
Qh5 Qf6 23. Nf5 a4 24. Nd2 a3 25. b3 Qd8 26. Bc4 Qb8 27. Qh2 Qb6 28. Nb1 Bb5
29. Qe2 Nf4 30. Qf1 Bd7 31. Rd2 Ra5 32. Qf2 Rc5 33. Ng7 Bb5 34. Bxb5 Qxb5 35.
Qf1 Qb6 36. Nh5 Ng6 37. Rd1 c6 38. Qf2 Qc7 39. Rh2 Ne7 40. Rd2 cxd5 41. exd5
Nxd5 42. Ng7 Nf4 43. Nf5 Rd8 44. Ne3 Ne6 45. Nd5 Qb7 46. Ne3 Nd4 47. Rxd4 exd4
48. Nc4 Rd5 49. Qe2 Qa7 50. Qe4 Rb5 51. Nxd6 Qc7 52. Qxd4+ f6 53. Nxb5 Rxd4 54.
Nxc7 Nf8 55. Rd2 1-0

[Event "ECF National club Under 1700"]
[Site "Kingston-upon-Hull, ENG"]
[Date "2023.10.22"]
[Round "5.24"]
[White "Ravi, Vash"]
[Black "Wood, Philip S"]
[Result "1-0"]
[WhiteElo "1532"]
[BlackElo "1572"]
[PlyCount "67"]
[EventDate "2023.10.22"]
[WhiteTeam "She Plays To Win A"]
[BlackTeam "Hull Chess Club 3"]

1. d4 d5 2. c4 e6 3. Nc3 Nf6 4. cxd5 exd5 5. h3 c5 6. Nf3 h6 7. Bf4 Nc6 8. e3
a6 9. Be2 Be6 10. O-O Bd6 11. Ne5 O-O 12. Rc1 cxd4 13. Nxc6 bxc6 14. Qxd4 c5
15. Qd2 Bxf4 16. exf4 Qd6 17. g4 Rfc8 18. Rfd1 d4 19. Bf3 Rab8 20. g5 hxg5 21.
fxg5 Nd7 22. Ne4 Qb6 23. b3 Bxh3 24. Qf4 Qg6 25. Kh2 Be6 26. Rh1 Bd5 27. Kg3
Qe6 28. Rce1 Qc6 29. Nd6 Rf8 30. Bxd5 Qxd5 31. Qh4 Qxd6+ 32. f4 f6 33. g6 f5
34. Qh8# 1-0

[Event "ECF National club Under 1700"]
[Site "Kingston-upon-Hull, ENG"]
[Date "2023.10.22"]
[Round "5.31"]
[White "Eccleston, Bryony"]
[Black "Catto, Joseph"]
[Result "1-0"]
[WhiteElo "1467"]
[BlackElo "1856"]
[PlyCount "84"]
[EventDate "2023.10.22"]
[WhiteTeam "She Plays To Win B"]
[BlackTeam "Hull Chess Club 4"]

1. e4 Nc6 2. Nf3 d6 3. d4 Nf6 4. Nc3 a6 5. h3 g6 6. a3 Bg7 7. Bc4 b5 8. Ba2 O-O
9. Be3 e5 10. dxe5 Nxe5 11. Nxe5 dxe5 12. O-O Bb7 13. f3 Qe7 14. Qe2 Nh5 15.
Qf2 Rfd8 16. Bc5 Qg5 17. h4 Qf6 18. Nd5 Bxd5 19. Bxd5 c6 20. Bb3 Bh6 21. Rad1
Bf4 22. g4 Bg3 23. Qg2 Nf4 24. g5 Qh8 25. Qh1 h6 26. Be7 Re8 27. Bf6 Qh7 28.
Rd7 Ne6 29. Kg2 Bf4 30. Rfd1 Be3 31. R1d6 Nf4+ 32. Kf1 Rf8 33. Be7 Nh5 34. Qh3
Rfe8 35. Rxc6 hxg5 36. Bxg5 Bxg5 37. Bxf7+ Qxf7 38. Rxf7 Kxf7 39. hxg5 Rad8 40.
Ke1 Re7 41. Qh2 Kg7 42. Rc7 Rdd7 1-0

[Event "ECF National club Under 1700"]
[Site "Kingston-upon-Hull, ENG"]
[Date "2023.10.22"]
[Round "5.32"]
[White "Al Haidar, Hussam"]
[Black "RoyChowdhury, Aashita"]
[Result "0-1"]
[WhiteElo "1525"]
[BlackElo "1467"]
[PlyCount "82"]
[EventDate "2023.10.22"]
[WhiteTeam "Hull Chess Club 4"]
[BlackTeam "She Plays To Win B"]

1. b3 d5 2. Bb2 Bf5 3. Nf3 e6 4. e3 Nf6 5. h3 h6 6. c4 c6 7. Nc3 Bd6 8. cxd5
cxd5 9. Bb5+ Nc6 10. Nd4 Qc7 11. Nxf5 exf5 12. Qf3 a6 13. Bxc6+ bxc6 14. Rc1
Qd7 15. Ne2 c5 16. Bxf6 gxf6 17. Nc3 Rd8 18. Nxd5 Be7 19. Rxc5 Kf8 20. Ra5 Bb4
21. O-O Bxa5 22. Nxf6 Qe6 23. Nh5 Rxd2 24. Qa8+ Rd8 25. Qb7 Qb6 26. Qf3 Qg6 27.
Nf4 Qf6 28. Nh5 Qe6 29. Nf4 Qe4 30. Qe2 Bc7 31. Nh5 Rg8 32. f4 Qe6 33. Rc1 Bb6
34. Kf2 Qg6 35. Rg1 Ba5 36. Qf3 Rd2+ 37. Kf1 Qd6 38. Qa8+ Bd8 39. Qf3 Qd3+ 40.
Ke1 Rxa2 41. Qd1 Ba5+ 0-1

[Event "ECF National club Under 1700"]
[Site "Kingston-upon-Hull, ENG"]
[Date "2023.10.22"]
[Round "5.33"]
[White "Tager, Maya"]
[Black "Pitel, Dominik"]
[Result "1-0"]
[WhiteElo "1280"]
[BlackElo "1349"]
[PlyCount "45"]
[EventDate "2023.10.22"]
[WhiteTeam "She Plays To Win B"]
[BlackTeam "Hull Chess Club 4"]

1. e4 e5 2. Nf3 Nc6 3. Bb5 Bc5 4. O-O d6 5. c3 Nf6 6. d3 O-O 7. a4 a6 8. Bc4
Bg4 9. Nbd2 Qe7 10. b4 Bb6 11. Qb3 h6 12. Bb2 Nd8 13. d4 exd4 14. cxd4 Be6 15.
d5 Bg4 16. Rfe1 Re8 17. e5 dxe5 18. Nxe5 Qd6 19. Nxg4 Rxe1+ 20. Rxe1 Nxg4 21.
Re8+ Kh7 22. Bd3+ g6 23. Rh8# 1-0

[Event "ECF National club Under 1700"]
[Site "Kingston-upon-Hull, ENG"]
[Date "2023.10.22"]
[Round "5.41"]
[White "Murrell, Mark R A"]
[Black "Wood, Gabriel"]
[Result "1-0"]
[WhiteElo "1809"]
[BlackElo "1722"]
[PlyCount "81"]
[EventDate "2023.10.22"]
[WhiteTeam "Wanstead and Woodford"]
[BlackTeam "Hull Chess Club 5"]

1. d4 e6 2. f4 d5 3. e3 c5 4. c3 Nc6 5. Bd3 Bd7 6. Nf3 cxd4 7. exd4 Bd6 8. O-O
Qc7 9. Ne5 Nf6 10. Nd2 h5 11. Ndf3 Ng4 12. Nxg4 hxg4 13. Ne5 f5 14. Qe1 Nxe5
15. fxe5 Be7 16. Be3 Rh5 17. Qe2 O-O-O 18. g3 Kb8 19. Rac1 Rdh8 20. Rf2 Bc6 21.
b4 b6 22. b5 Bb7 23. a4 Rc8 24. Qa2 Bd8 25. Rfc2 Be7 26. c4 Qd7 27. c5 Qc7 28.
c6 Ba8 29. Bd2 Rch8 30. Be1 Bg5 31. Bd2 Be7 32. Bc3 Bg5 33. Re1 f4 34. Bb4 Qf7
35. Rf1 Rh3 36. a5 Qh5 37. axb6 Rxg3+ 38. Kh1 Rg1+ 39. Kxg1 f3 40. Qxa7+ Kc8
41. Qc7# 1-0

[Event "ECF National club Under 1700"]
[Site "Kingston-upon-Hull, ENG"]
[Date "2023.10.22"]
[Round "5.42"]
[White "Black, Ewan"]
[Black "Colclough, Ryan"]
[Result "1/2-1/2"]
[WhiteElo "1528"]
[BlackElo "1784"]
[PlyCount "57"]
[EventDate "2023.10.22"]
[WhiteTeam "Hull Chess Club 5"]
[BlackTeam "Wanstead and Woodford"]

1. d4 Nf6 2. c4 e6 3. Nf3 d5 4. Nc3 c5 5. cxd5 Nxd5 6. Nxd5 Qxd5 7. g3 Nc6 8.
e3 cxd4 9. exd4 Bb4+ 10. Bd2 Nxd4 11. Nxd4 Bxd2+ 12. Qxd2 Qe4+ 13. Qe3 Qxh1 14.
Nf3 Bd7 15. O-O-O Bc6 16. Bb5 Qg2 17. Bxc6+ bxc6 18. Qa3 Qxf2 19. Qd6 Qb6 20.
Qd7+ Kf8 21. Kb1 Rb8 22. b3 g6 23. Ng5 Rb7 24. Nxe6+ fxe6 25. Rf1+ Kg8 26.
Qxe6+ Kg7 27. Qf6+ Kh6 28. Rf4 Qg1+ 29. Rf1 1/2-1/2

[Event "ECF National club Under 1700"]
[Site "Kingston-upon-Hull, ENG"]
[Date "2023.10.22"]
[Round "5.43"]
[White "Li, Colin"]
[Black "Donegan, Andrew"]
[Result "1-0"]
[WhiteElo "1604"]
[BlackElo "1411"]
[PlyCount "29"]
[EventDate "2023.10.22"]
[WhiteTeam "Wanstead and Woodford"]
[BlackTeam "Hull Chess Club 5"]

1. d4 Nf6 2. Nf3 g6 3. c4 Bg7 4. Nc3 O-O 5. g3 d6 6. Bg2 Nbd7 7. O-O e5 8. e4
exd4 9. Nxd4 Re8 10. b3 Nc5 11. Re1 a5 12. Bb2 Rb8 13. Qd2 b6 14. Nc6 Qd7 15.
Nxb8 1-0

[Event "ECF National club Under 1700"]
[Site "Kingston-upon-Hull, ENG"]
[Date "2023.10.22"]
[Round "5.44"]
[White "Garczynski, Antoni"]
[Black "Raikundalia, Krishna"]
[Result "0-1"]
[WhiteElo "925"]
[BlackElo "1600"]
[PlyCount "98"]
[EventDate "2023.10.22"]
[WhiteTeam "Hull Chess Club 5"]
[BlackTeam "Wanstead and Woodford"]

1. e4 c6 2. Bc4 d5 3. exd5 cxd5 4. Bb5+ Nc6 5. d4 Nf6 6. Ne2 a6 7. Bxc6+ bxc6
8. O-O Bg4 9. f3 Bh5 10. Nf4 Bg6 11. Nxg6 hxg6 12. Nc3 e6 13. Be3 Qc7 14. h3
Bd6 15. f4 Nd7 16. Na4 c5 17. Nxc5 Nxc5 18. dxc5 Bxc5 19. Bxc5 Qxc5+ 20. Rf2
Ke7 21. Qd3 Rac8 22. Qa3 Qxa3 23. bxa3 Rc3 24. a4 Ra3 25. f5 gxf5 26. Re1 g6
27. Rf4 Rxa2 28. Re2 Rb8 29. Kf1 Rb1+ 30. Re1 Rxe1+ 31. Kxe1 Rxc2 32. Rb4 Rc4
33. Rb7+ Kf6 34. a5 Rc5 35. Ra7 Rxa5 36. Kf2 Ra3 37. g3 a5 38. g4 fxg4 39. hxg4
a4 40. g5+ Kxg5 41. Rxf7 Ra2+ 42. Kf3 Ra1 43. Re7 Kf6 44. Rd7 a3 45. Ra7 a2 46.
Ke3 Re1+ 47. Kf3 a1=Q 48. Rc7 Qa3+ 49. Kg4 Re4# 0-1